John Mayer Songs - Sudden Death - Statistics

General Stats
  • This quiz has been taken 139 times
  • The average score is 10 of 19
Answers on the Grid
Answers color-coded by a green-red scale on the quiz's grid according to % correct below.
Love is a Verb
Daughters
Believe
No Such Thing
3x5
Oxygen
Stop This Train
King of California
Something Like Olivia
Heartbreak Warfare
Comfortable
Still Feel Like Your Man
St. Valentine
Wheel
Assassin
Friends, Lovers, or Nothing
If I Ever Get Around to Living
5x3
Wonder
Walt Grace's Submarine Test, January 1967
Traffic In The Sky
On The Way Home
Badge and Gun
Hopeless
Time for Moving On
Changing
Love on the Weekend
Another Kind of Green
But It Does
Banana Pancakes
 
Answer Stats
Answer % Correct
Daughters
90%
Love is a Verb
72%
Stop This Train
70%
3x5
69%
Something Like Olivia
65%
Heartbreak Warfare
64%
No Such Thing
60%
Still Feel Like Your Man
59%
Love on the Weekend
55%
If I Ever Get Around to Living
54%
Assassin
52%
Friends, Lovers, or Nothing
52%
Wheel
51%
Changing
48%
Walt Grace's Submarine Test, January 1967
46%
Badge and Gun
41%
On The Way Home
34%
Another Kind of Green
31%
Comfortable
30%
No matching quizzes found
Score Distribution
Percent of People with Each Score
Percentile by Number Answered
Your Score History
You have not taken this quiz